Регионална библиотека "Любен Каравелов" - Русе

Waverley oder Es ist sechzig Jahre her (Запис номер 343848)

MARC детайли
000 -Лидер
Контролно поле с фиксирана дължина 01061nam a2200325 c 4500
003 - Код на организацията, давaща контролен номер
Контролно поле BLK
005 - Дата и час на последна редакция
Контролно поле 20230324154628.0
008 - Елементи от данни с фиксирана дължина
fixed length control field 180911b bul|||||r ||||||| ||bul||
010 ## - Наследен системен номер
LC control number 003509
040 ## - Източник на каталожния запис
Идентификатор на билиотеката - собственик на записа BLK
041 ## - Код за език
Код за езика на текст/звукозапис или на отделно заглавие Немски
Код за езика КДБФ Български
080 ## - УДК
УДК - код + определител 820-31
100 1# - Редна дума - Автор
Автор Scott, Walter
R(LIN) 387545
245 00 - Сведения за заглавието
Заглавие Waverley oder Es ist sechzig Jahre her
246 ## - Различни форми на заглавието
Наименование на поредна част от произведението епос-романи
260 ## - Област на издателските данни
Място на издаване, разпространение и проч. Leipzig
Име на издателя, разпространителя и проч. Philipp Reclam
Година на издаване s.a
300 ## - Физическа характеристика
Страници 579, 25 с
Размери/Мащаб 14 см
380 ## - Жанр
Жанр Литературознание
490 ## - СЕРИИ (Колекции)
Име на серия Частна колекция - Академик Михаил Арнаудов
Бележки за серията Дарение - Основен фонд
520 ## - Забележка за наличие на резюме, анотация и т.н
Анотация, рецензия, сканиран текст Михаил Арнаудов: подпис
520 ## - Забележка за наличие на резюме, анотация и т.н
Анотация, рецензия, сканиран текст Михаил Арнаудов: негови-книга
520 ## - Забележка за наличие на резюме, анотация и т.н
Анотация, рецензия, сканиран текст Датиране на книгата : 10. IV. 900
653 ## - Ключова дума – ненормативна
Ключова дума епос
653 ## - Ключова дума – ненормативна
Ключова дума романи
655 ## - Ключова дума – жанр/разновидност
Данни за жанр/разновидност или ключова дума за фокус английска литература
700 1# - Други автори (авторска отговорност)
Лично име Dt. von M. v. Borch
9 (RLIN) 397886
852 ## - Местоположение
Форматна сигнатура МА 839
999 ## - СИСТЕМНИ КОНТРОЛНИ НОМЕРА
Koha biblionumber 343848
Koha biblioitemnumber 343848
942 ## - АРТИКУЛИ
Вид на библиотечния материал Книги
Скрит в OPAC Не
Периодичен библиозапис Да
944 ## - СЪЗДАВАНЕ И РЕДАКЦИЯ на ЗАПИСА
Създаване/Редакция Създаване
Дата на регистрацията/редакция 1996
Служител, извършил регистрацията/редакцията ValK
999 ## - СИСТЕМНИ КОНТРОЛНИ НОМЕРА
Koha biblioitemnumber 343848
Наличности
Код за отписване Код за изгубен артикул Източник на класификационната схема Код за повреда Коз за рестрикции Код за отдаване Артикулен № Име на библиотеката - собственик Име на библиотеката, в която се намира в момента Статус (Текущо местоположение) Местоположение - отдел Цена в лева Номерация (Хронология) Инвентарен номер Систематично азбучна сигнатура Баркод Номер на екземпляра Цена в евро Служебен тип на артикула Бележка за публиката
  Не е изгубен Universal Decimal Classification Не е повреден без рестрикции Специални фондове ( старопечатни, редки и ценни, фонд М. Арнаудов) 744166 Регионална библиотека "Любен Каравелов" Русе Регионална библиотека "Любен Каравелов" Русе Фонд "Михаил Арнаудов" Фонд "Михаил Арнаудов" 15.00   588136 МА 839 120000588136 1 7.67 Книги ; Датиране на книгата : 10. IV. 900; ; подпис;
Vip Innovations Ltd, Rousse, Bulgaria 2025